[Event "Naantalin turnaus 2011"]
[Site "Naantali"]
[Date "2011.07.04"]
[Round "1"]
[White "Sipilä, Vilka"]
[Black "Tocklin, Tomi"]
[Result "1-0"]
[WhiteElo "2332"]
[BlackElo "1912"]
[PlyCount "45"]
[EventDate "2011.07.04"]
[SourceDate "2011.07.04"]

1. h3 d5 2. d4 Nf6 3. Nf3 c5 4. e3 Nc6 5. Bb5 cxd4 6. exd4 Qa5+ 7. Nc3 Ne4 8.
Bd2 Nxd2 9. Qxd2 e6 10. Ne5 Bd7 11. Nxd7 Kxd7 12. O-O Bb4 13. Rab1 a6 14. Bxc6+
bxc6 15. a3 Bxc3 16. bxc3 Rab8 17. Qg5 g6 18. Qf4 Qc7 19. Qxf7+ Kd6 20. Qf3
Rhf8 21. Qe2 Rb5 22. Qe5+ Kd7 23. Qg7+ 1-0

[Event "Naantalin turnaus 2011"]
[Site "Naantali"]
[Date "2011.07.04"]
[Round "1"]
[White "Hosia, Akseli"]
[Black "Kinnunen, Tapio"]
[Result "1-0"]
[WhiteElo "1947"]
[BlackElo "1475"]
[PlyCount "71"]
[EventDate "2011.07.04"]
[SourceDate "2011.07.04"]

1. e4 c5 2. c3 e5 3. Nf3 d6 4. d4 Bg4 5. Bc4 Bxf3 6. Qxf3 Qf6 7. Qh3 Be7 8.
Qc8+ Bd8 9. Qxb7 Ne7 10. Qxa8 Nbc6 11. Bb5 O-O 12. Bxc6 Bb6 13. Qb7 exd4 14.
cxd4 cxd4 15. O-O Ng6 16. Na3 Ne5 17. Bd2 h5 18. Rac1 Qg6 19. f4 d3+ 20. Kh1
Ng4 21. h3 Qh7 22. e5 dxe5 23. Be4 f5 24. Bd5+ Kh8 25. Rc8 Bd8 26. Nc4 Qh6 27.
fxe5 g5 28. Bc3 f4 29. Rxd8 Rxd8 30. e6+ Nf6 31. e7 Re8 32. Nd6 Kh7 33. Nxe8
Nxe8 34. Qb8 Nf6 35. Bg8+ Nxg8 36. Qxg8+ 1-0

[Event "Naantalin turnaus 2011"]
[Site "Naantali"]
[Date "2011.07.04"]
[Round "1"]
[White "Järvenpää, Jari"]
[Black "Lyly, Seppo"]
[Result "1-0"]
[WhiteElo "2257"]
[BlackElo "1878"]
[PlyCount "43"]
[EventDate "2011.07.04"]
[SourceDate "2011.07.04"]

1. e4 e5 2. Nf3 Nc6 3. Bc4 Bc5 4. O-O Nf6 5. d3 d6 6. c3 Bg4 7. Nbd2 O-O 8. Re1
h6 9. b4 Bb6 10. Bb3 Nh7 11. h3 Bh5 12. Nc4 Kh8 13. g4 Bg6 14. a4 a5 15. Nxb6
cxb6 16. b5 Ne7 17. Be3 f5 18. exf5 Nxf5 19. gxf5 Bh5 20. Nxe5 Rxf5 21. Qxh5
Ng5 22. Nf7+ 1-0

[Event "Naantalin turnaus 2011"]
[Site "Naantali"]
[Date "2011.07.04"]
[Round "1"]
[White "Rönkä, Erik"]
[Black "Järnefelt, Wilhelm"]
[Result "1-0"]
[WhiteElo "2095"]
[BlackElo "1802"]
[PlyCount "32"]
[EventDate "2011.07.04"]
[SourceDate "2011.07.04"]

1. d4 Nf6 2. c4 g6 3. f3 Bg7 4. e4 d6 5. Nc3 O-O 6. Bg5 e5 7. dxe5 dxe5 8. Qxd8
Rxd8 9. Bxf6 Bxf6 10. Nd5 Bg5 11. Nxc7 Nc6 12. Nxa8 Nd4 13. Bd3 Ne6 14. Rd1 Nf4
15. Bf1 Ne6 16. c5 Nxc5 1-0

[Event "Naantalin turnaus 2011"]
[Site "Naantali"]
[Date "2011.07.04"]
[Round "1"]
[White "Smeds, Tom"]
[Black "Valkama, Arvo"]
[Result "1-0"]
[WhiteElo "1922"]
[BlackElo "1360"]
[PlyCount "65"]
[EventDate "2011.07.04"]
[SourceDate "2011.07.04"]

1. Nf3 Nc6 2. d4 d5 3. Bf4 Bf5 4. e3 e6 5. Bd3 Bg6 6. O-O Nf6 7. Bxg6 hxg6 8.
Nbd2 Bd6 9. Bxd6 Qxd6 10. c4 b6 11. Qa4 O-O 12. cxd5 Nxd5 13. a3 Rfd8 14. Rac1
Nce7 15. Nc4 Qd7 16. Qxd7 Rxd7 17. Nce5 Rdd8 18. e4 Nf6 19. Rxc7 Kf8 20. Re1 g5
21. h3 Nh7 22. Rec1 Ng8 23. Rxf7+ Ke8 24. Rxg7 Nhf6 25. Rcc7 Rdc8 26. Nxg5 Rxc7
27. Rxc7 a5 28. f3 Rd8 29. Nxe6 Rd6 30. d5 b5 31. Rc6 Rxc6 32. Nxc6 a4 33. Nc7+
1-0

[Event "Naantalin turnaus 2011"]
[Site "Naantali"]
[Date "2011.07.04"]
[Round "1"]
[White "Louhi, Tapio"]
[Black "Turtiainen, Tauno"]
[Result "0-1"]
[WhiteElo "1465"]
[BlackElo "1944"]
[PlyCount "80"]
[EventDate "2011.07.04"]
[SourceDate "2011.07.04"]

1. e4 c5 2. Nf3 d6 3. d4 cxd4 4. Nxd4 Nf6 5. f3 e5 6. Bb5+ Bd7 7. Bxd7+ Nbxd7
8. Nf5 Nb6 9. Bg5 h6 10. Bxf6 Qxf6 11. O-O d5 12. Nc3 g6 13. Nxd5 Nxd5 14. Qxd5
gxf5 15. Rad1 Be7 16. Qd7+ Kf8 17. Qxb7 Qb6+ 18. Qxb6 axb6 19. a3 fxe4 20. fxe4
Rd8 21. Rd3 Rxd3 22. cxd3 Bc5+ 23. Kh1 Ke7 24. a4 Ra8 25. b3 Rd8 26. Rd1 Bb4
27. h3 Rd6 28. Kh2 Bc3 29. g4 Rc6 30. Kg3 Bd4 31. b4 Rc3 32. Kh4 Be3 33. Kh5
Ra3 34. a5 bxa5 35. bxa5 Rxa5 36. h4 Ra2 37. Rf1 Rh2 38. Rf5 Ke6 39. Rf3 Bg5
40. Rxf7 Kxf7 0-1

[Event "Naantalin turnaus 2011"]
[Site "Naantali"]
[Date "2011.07.04"]
[Round "1"]
[White "Tuominen, Risto"]
[Black "Toropainen, Kalevi"]
[Result "1-0"]
[WhiteElo "2278"]
[BlackElo "1899"]
[PlyCount "63"]
[EventDate "2011.07.04"]
[SourceDate "2011.07.04"]

1. d4 Nf6 2. c4 e6 3. Nf3 d5 4. Bg5 Be7 5. e3 Nbd7 6. Nc3 O-O 7. Qc2 b6 8. cxd5
exd5 9. Bd3 Bb7 10. O-O a6 11. Rad1 Re8 12. Ne5 h6 13. Bh4 c5 14. Nxd7 Qxd7 15.
dxc5 bxc5 16. Bf5 Qd6 17. Bxf6 Bxf6 18. Ne4 Qe7 19. Nxc5 g6 20. Bg4 Bc6 21. Nd3
Bb5 22. a4 Bd7 23. Bxd7 Qxd7 24. Nf4 d4 25. exd4 Rac8 26. Qd3 Qxa4 27. Nd5 Bd8
28. Nc3 Qb3 29. Qxa6 Bb6 30. Nb5 Bc7 31. d5 Ra8 32. Qc6 1-0

[Event "Naantalin turnaus 2011"]
[Site "Naantali"]
[Date "2011.07.04"]
[Round "1"]
[White "Ruotanen, Helge"]
[Black "Valkonen, Jouni"]
[Result "1-0"]
[WhiteElo "1986"]
[BlackElo "1554"]
[PlyCount "81"]
[EventDate "2011.07.04"]
[SourceDate "2011.07.04"]

1. g3 c5 2. Bg2 e6 3. d3 Qc7 4. e4 Nc6 5. Nc3 Nf6 6. Nge2 a6 7. a4 Be7 8. O-O
O-O 9. h3 e5 10. g4 Nd4 11. Ng3 g6 12. g5 Ne8 13. Nd5 Qd8 14. h4 Nc7 15. c3
Nde6 16. Nb6 Rb8 17. Be3 f6 18. gxf6 Rxf6 19. d4 cxd4 20. cxd4 exd4 21. Bxd4
Nxd4 22. Qxd4 Ne6 23. Qd5 d6 24. Qa5 Nc5 25. Nc4 Qf8 26. Rad1 Bg4 27. Rd5 Be6
28. e5 dxe5 29. Nxe5 Bxd5 30. Bxd5+ Kg7 31. Qd2 Rd6 32. Nc4 Rd7 33. Ne5 Rd6 34.
Nc4 Rf6 35. Ne3 Nxa4 36. Ng4 Rd6 37. Ne4 Rd7 38. Qd4+ Bf6 39. Nexf6 Rxd5 40.
Nxd5+ Kg8 41. Ndf6+ 1-0

[Event "Naantalin turnaus 2011"]
[Site "Naantali"]
[Date "2011.07.04"]
[Round "1"]
[White "Norri, Roger"]
[Black "Pohjala, Henri"]
[Result "1/2-1/2"]
[WhiteElo "1893"]
[BlackElo "2269"]
[PlyCount "72"]
[EventDate "2011.07.04"]
[SourceDate "2011.07.04"]

1. e4 e5 2. Nf3 Nc6 3. d4 exd4 4. Nxd4 Bc5 5. Be3 Qf6 6. c3 Nge7 7. Bc4 O-O 8.
O-O a6 9. Nxc6 Qxc6 10. Bxc5 Qxc5 11. Qd4 d6 12. Nd2 b5 13. Bb3 Bb7 14. Rfe1
Qxd4 15. cxd4 c5 16. e5 Nf5 17. dxc5 dxc5 18. Ne4 Bxe4 19. Rxe4 c4 20. Bc2 Rad8
21. Kf1 Rd2 22. Re2 Rxe2 23. Kxe2 Nd4+ 24. Kd2 Rd8 25. Rd1 Nc6+ 26. Ke3 Rxd1
27. Bxd1 Nxe5 28. Be2 f5 29. Kd4 Nd7 30. Bf3 Kf7 31. Bb7 Nb8 32. a4 Ke7 33.
axb5 axb5 34. Kc5 Nd7+ 35. Kxb5 Ne5 36. Bd5 Ng4 1/2-1/2

[Event "Naantalin turnaus 2011"]
[Site "Naantali"]
[Date "2011.07.04"]
[Round "1"]
[White "Koskinen, Erkki"]
[Black "Kiik, Kalle"]
[Result "0-1"]
[WhiteElo "1916"]
[BlackElo "2480"]
[PlyCount "58"]
[EventDate "2011.07.04"]
[SourceDate "2011.07.04"]

1. d4 d5 2. c4 e6 3. Nc3 c5 4. cxd5 exd5 5. Nf3 Nc6 6. g3 c4 7. Bg2 Bb4 8. O-O
Nge7 9. a3 Ba5 10. Bf4 O-O 11. Ne5 Be6 12. Nxc6 bxc6 13. e4 Ng6 14. Na4 Nxf4
15. gxf4 dxe4 16. Bxe4 Qh4 17. Qf3 Rad8 18. Bxc6 Rxd4 19. Qg3 Qf6 20. Qg5 Qxg5+
21. fxg5 Rg4+ 22. Kh1 Rc8 23. Bg2 Rxg5 24. f4 Rb5 25. Rac1 g6 26. Rfd1 Kg7 27.
Rd4 Bd8 28. Bf1 Bf6 29. Rd2 Rf5 0-1

[Event "Naantalin turnaus 2011"]
[Site "Naantali"]
[Date "2011.07.04"]
[Round "1"]
[White "Kähönen, Osmo"]
[Black "Paronen, Petteri"]
[Result "1/2-1/2"]
[WhiteElo "1816"]
[BlackElo "2098"]
[PlyCount "42"]
[EventDate "2011.07.04"]
[SourceDate "2011.07.04"]

1. e4 c5 2. d4 cxd4 3. c3 d3 4. Bxd3 d6 5. f4 Nf6 6. Nf3 e6 7. O-O Be7 8. Qe2
Nc6 9. Kh1 Qc7 10. Na3 a6 11. Be3 b5 12. Nc2 Rb8 13. Rac1 O-O 14. Ncd4 Bb7 15.
Bf2 e5 16. fxe5 Nxe5 17. Nxe5 dxe5 18. Nf5 Bc5 19. Nh6+ Kh8 20. Bh4 Ne8 21. Nf5
f6 1/2-1/2

[Event "Naantalin turnaus 2011"]
[Site "Naantali"]
[Date "2011.07.04"]
[Round "1"]
[White "Tuominen, Kari"]
[Black "Linden, Lari"]
[Result "0-1"]
[WhiteElo "1646"]
[BlackElo "2034"]
[PlyCount "84"]
[EventDate "2011.07.04"]
[SourceDate "2011.07.04"]

1. c4 e5 2. d3 g6 3. Nc3 Bg7 4. b3 Ne7 5. Bb2 c6 6. Qd2 d5 7. e4 O-O 8. Be2 d4
9. Nd1 f5 10. h4 f4 11. Nf3 h6 12. Ba3 Nd7 13. Nb2 c5 14. g4 fxg3 15. fxg3 Nc6
16. b4 cxb4 17. Bxb4 Nxb4 18. Qxb4 a5 19. Qb3 Nc5 20. Qc2 Ra6 21. O-O Raf6 22.
Nh2 Bh3 23. Rxf6 Qxf6 24. Bg4 Bxg4 25. Nxg4 Qf3 26. Nh2 Qxg3+ 27. Qg2 Qe3+ 28.
Kh1 Rf2 29. Nd1 Rxg2 30. Nxe3 Re2 31. Nd5 Nxd3 32. Rf1 Nf4 33. Ng4 h5 34. Ngf6+
Bxf6 35. Nxf6+ Kf7 36. Nd7 Rxe4 37. Nxe5+ Ke6 38. Nf3 Kf5 39. Rb1 Kg4 40. Ng5
Re3 41. Rxb7 Kxh4 42. Nf7 d3 0-1

[Event "Naantalin turnaus 2011"]
[Site "Naantali"]
[Date "2011.07.04"]
[Round "1"]
[White "Satonen, Arto"]
[Black "Valkama, Eero"]
[Result "1/2-1/2"]
[WhiteElo "2182"]
[BlackElo "1828"]
[PlyCount "76"]
[EventDate "2011.07.04"]
[SourceDate "2011.07.04"]

1. e4 e5 2. Bc4 Bc5 3. Nf3 Nc6 4. b4 Bxb4 5. c3 Ba5 6. Qb3 Qe7 7. Ba3 d6 8. d4
Bb6 9. dxe5 Na5 10. Qb4 Nxc4 11. Qxc4 Be6 12. Qd3 Rd8 13. exd6 cxd6 14. O-O Qd7
15. c4 Ne7 16. Nc3 Bc5 17. Bb2 O-O 18. Rad1 f6 19. Nd5 Bxd5 20. exd5 Ng6 21. h3
Rfe8 22. Rfe1 Nf4 23. Qc2 Rxe1+ 24. Rxe1 Re8 25. Re4 Ng6 26. Qe2 Kf7 27. Nd4
Bxd4 28. Bxd4 b6 29. Kf1 Nf4 30. Qe3 Rxe4 31. Qxe4 Qa4 32. Kg1 Qd1+ 33. Kh2 Ne2
34. Qe6+ Kf8 35. Qc8+ Kf7 36. Qe6+ Kf8 37. Qxd6+ Kf7 38. Qe6+ Kf8 1/2-1/2

[Event "Naantalin turnaus 2011"]
[Site "Naantali"]
[Date "2011.07.04"]
[Round "1"]
[White "Levo, Niko"]
[Black "Nieminen, Markus"]
[Result "0-1"]
[WhiteElo "1547"]
[BlackElo "1964"]
[PlyCount "58"]
[EventDate "2011.07.04"]
[SourceDate "2011.07.04"]

1. e4 c5 2. Nf3 d6 3. d4 cxd4 4. Nxd4 Nf6 5. Nc3 a6 6. Be3 e5 7. Nb3 Be6 8. Be2
Nbd7 9. O-O b5 10. f3 Nb6 11. Qd2 d5 12. exd5 Nbxd5 13. Nxd5 Nxd5 14. Rfd1 Nxe3
15. Qxe3 Qc7 16. Qe4 Rc8 17. Rac1 Bd6 18. c4 bxc4 19. Nd2 Bc5+ 20. Kf1 f5 21.
Qc2 e4 22. Nxc4 Qxh2 23. Ke1 O-O 24. a3 e3 25. Bf1 Qg3+ 26. Ke2 f4 27. Qe4 Bf5
28. Qd5+ Kh8 29. Nxe3 fxe3 0-1

[Event "Naantalin turnaus 2011"]
[Site "Naantali"]
[Date "2011.07.04"]
[Round "1"]
[White "Korhonen, Aki"]
[Black "Toropainen, Jarkko"]
[Result "1-0"]
[WhiteElo "2022"]
[BlackElo "1633"]
[PlyCount "55"]
[EventDate "2011.07.04"]
[SourceDate "2011.07.04"]

1. c4 Nf6 2. Nc3 d5 3. cxd5 Nxd5 4. g3 Nc6 5. Bg2 e6 6. Nf3 Be7 7. O-O Nb6 8.
d3 e5 9. a3 O-O 10. b4 a6 11. Bb2 Bf5 12. Na4 Nxa4 13. Qxa4 Bf6 14. Rac1 Re8
15. Nd2 Bd7 16. Ne4 Be7 17. Qc2 Bd6 18. Nc5 Bxc5 19. Qxc5 Qe7 20. Qxe7 Rxe7 21.
Rc5 f6 22. Rfc1 Rc8 23. a4 Nxb4 24. Rxc7 Rxc7 25. Rxc7 Kf8 26. a5 Bc6 27. Rxe7
Kxe7 28. Ba3 1-0

[Event "Naantalin turnaus 2011"]
[Site "Naantali"]
[Date "2011.07.04"]
[Round "1"]
[White "Vierjoki, Timo"]
[Black "Järvelä, Jari"]
[Result "0-1"]
[WhiteElo "1852"]
[BlackElo "2202"]
[PlyCount "68"]
[EventDate "2011.07.04"]
[SourceDate "2011.07.04"]

1. c4 e5 2. g3 c5 3. Bg2 g6 4. Nc3 Bg7 5. a3 Nc6 6. Rb1 a5 7. Nf3 Nge7 8. O-O
O-O 9. Ne1 d6 10. Nc2 Be6 11. Ne3 f5 12. d3 Rb8 13. Ned5 Bxd5 14. cxd5 Na7 15.
Bd2 b5 16. e3 b4 17. axb4 axb4 18. Ne2 Ra8 19. f4 Qb6 20. Qb3 Kh8 21. Kh1 Nb5
22. Ra1 Ra7 23. Ra2 Rfa8 24. Rfa1 Nc8 25. Ng1 Rxa2 26. Rxa2 Rxa2 27. Qxa2 Qa7
28. Qc4 Qa5 29. Qc1 Nb6 30. Nh3 Qa2 31. e4 exf4 32. Bxf4 Qxb2 33. Ng5 Qxc1+ 34.
Bxc1 b3 0-1

[Event "Naantalin turnaus 2011"]
[Site "Naantali"]
[Date "2011.07.04"]
[Round "1"]
[White "Haanila, Erkki"]
[Black "Topi-Hulmi, Teemu"]
[Result "1-0"]
[WhiteElo "1880"]
[BlackElo "2259"]
[PlyCount "89"]
[EventDate "2011.07.04"]
[SourceDate "2011.07.04"]

1. d4 d5 2. Nf3 Nf6 3. Bg5 Ne4 4. Bh4 c6 5. c3 Qb6 6. Qc1 Bf5 7. Nbd2 e6 8. e3
Nd7 9. Nxe4 Bxe4 10. Be2 Bd6 11. O-O O-O 12. Nd2 Bg6 13. c4 c5 14. dxc5 Nxc5
15. Bg3 Bxg3 16. hxg3 Rac8 17. b3 dxc4 18. Nxc4 Qb4 19. Qa3 Qxa3 20. Nxa3 Ne4
21. Rfc1 a6 22. Nc4 b5 23. Ne5 Nc3 24. Bf1 Rc7 25. Nxg6 hxg6 26. Rc2 Rfc8 27.
f3 a5 28. e4 g5 29. g4 Kf8 30. Rd2 Ke7 31. Kf2 a4 32. Ke3 Ra8 33. b4 a3 34. Bd3
Rb7 35. Rc2 Na4 36. Rac1 Kd6 37. e5+ Kxe5 38. Be4 Rab8 39. Bxb7 Rxb7 40. Rc7
Rb8 41. Rxf7 Nb6 42. Rb1 Nd5+ 43. Kd2 Rd8 44. Re1+ Kd4 45. Re4# 1-0

[Event "Naantalin turnaus 2011"]
[Site "Naantali"]
[Date "2011.07.04"]
[Round "1"]
[White "Riihimäki, Pekka"]
[Black "Mäki-Uuro, Miikka"]
[Result "1/2-1/2"]
[WhiteElo "1901"]
[BlackElo "2302"]
[PlyCount "71"]
[EventDate "2011.07.04"]
[SourceDate "2011.07.04"]

1. e4 c5 2. Nf3 d6 3. d4 cxd4 4. Nxd4 Nf6 5. Nc3 a6 6. Bg5 Nbd7 7. f4 Qc7 8.
Qf3 h6 9. Bxf6 Nxf6 10. f5 Qc5 11. O-O-O g5 12. Nd5 Nxd5 13. exd5 Bg7 14. Nb3
Qb6 15. c3 Bd7 16. Bd3 Ba4 17. Bc2 Bxb3 18. axb3 Bf6 19. Rhe1 Qc7 20. Re4 b5
21. Kb1 a5 22. Qe2 Qb7 23. Kc1 b4 24. c4 a4 25. c5 a3 26. bxa3 bxa3 27. c6 a2
28. cxb7 a1=Q+ 29. Bb1 Rb8 30. Qb5+ Kf8 31. Rd2 Kg7 32. Ra2 Qc3+ 33. Rc2 Qa1
34. Ra2 Qc3+ 35. Rc2 Qa1 36. Ra2 1/2-1/2

[Event "Naantalin turnaus 2011"]
[Site "Naantali"]
[Date "2011.07.04"]
[Round "1"]
[White "Pudas, Teemu"]
[Black "Liimatainen, Jero"]
[Result "1-0"]
[WhiteElo "2261"]
[BlackElo "1889"]
[PlyCount "63"]
[EventDate "2011.07.04"]
[SourceDate "2011.07.04"]

1. e4 c5 2. c3 g6 3. d4 cxd4 4. cxd4 d5 5. e5 Nc6 6. Nc3 Bg7 7. h3 f6 8. f4 Nh6
9. g4 O-O 10. Nf3 Be6 11. Bg2 Qb6 12. O-O Rad8 13. Na4 Qc7 14. Be3 b6 15. Rc1
Qd7 16. Qd2 Nf7 17. b3 fxe5 18. fxe5 Rc8 19. Ne1 Ncd8 20. Nc3 h6 21. Nd3 g5 22.
Nb4 h5 23. Ncxd5 Rxc1 24. Rxc1 Bxd5 25. Nxd5 Ne6 26. Qb4 Re8 27. gxh5 Bh6 28.
Qc4 b5 29. Qd3 Nf4 30. Bxf4 gxf4 31. Qg6+ Kf8 32. e6 1-0

[Event "Naantalin turnaus 2011"]
[Site "Naantali"]
[Date "2011.07.04"]
[Round "1"]
[White "Pyylampi, Sauli"]
[Black "Koskinen, Riku"]
[Result "0-1"]
[WhiteElo "1598"]
[BlackElo "2012"]
[PlyCount "132"]
[EventDate "2011.07.04"]
[SourceDate "2011.07.04"]

1. d4 Nf6 2. Nf3 g6 3. g3 Bg7 4. Bg2 d5 5. O-O O-O 6. Nbd2 b6 7. c3 Bb7 8. Ne5
Nbd7 9. Ndf3 c5 10. Nxd7 Nxd7 11. e3 Qc7 12. Re1 e5 13. dxe5 Nxe5 14. Nxe5 Qxe5
15. Qa4 Rfe8 16. Rd1 Qh5 17. Bd2 Re6 18. Be1 Bc6 19. Qc2 Rd8 20. Rd2 g5 21.
Rad1 g4 22. c4 d4 23. Bxc6 Rxc6 24. Qe4 Re6 25. Qg2 Rde8 26. Rd3 dxe3 27. fxe3
Bh6 28. Bf2 Bxe3 29. Bxe3 Rxe3 30. Rxe3 Rxe3 31. Rd8+ Kg7 32. Rd5 Qg6 33. Rd1
Qe6 34. Qd2 Qe4 35. b3 Re2 36. Qg5+ Qg6 37. Qxg6+ Kxg6 38. a4 Rb2 39. Rd7 Rxb3
40. Rxa7 Rb4 41. Ra6 f6 42. h4 Rxc4 43. Kf2 Rb4 44. a5 b5 45. Ra8 c4 46. a6 Ra4
47. a7 Kf5 48. Ke3 b4 49. Kd4 b3 50. Kc3 Ra2 51. Kxc4 b2 52. Rb8 Rxa7 53. Rxb2
Ra3 54. Rg2 Ke4 55. Rf2 f5 56. Re2+ Re3 57. Rg2 Kf3 58. Rg1 Kf2 59. Ra1 Kxg3
60. h5 f4 61. Kd4 Re7 62. Rg1+ Kh3 63. Rh1+ Kg2 64. Rh4 Kg3 65. Rh1 f3 66. Rg1+
Kh3 0-1

[Event "Naantalin turnaus 2011"]
[Site "Naantali"]
[Date "2011.07.04"]
[Round "1"]
[White "Rauramaa, Julius"]
[Black "Mannerlehto, Miikka"]
[Result "1-0"]
[WhiteElo "1963"]
[BlackElo "1539"]
[PlyCount "121"]
[EventDate "2011.07.04"]
[SourceDate "2011.07.04"]

1. e4 e5 2. Nf3 d6 3. d4 Nd7 4. Nc3 c6 5. Be2 Be7 6. O-O Ngf6 7. Re1 O-O 8. a4
Qc7 9. h3 h6 10. Be3 Rd8 11. Qd2 d5 12. exd5 cxd5 13. Nb5 Qb8 14. dxe5 Nxe5 15.
Bf4 Ne4 16. Qc1 Bf6 17. Bd3 Bf5 18. Bxe5 Bxe5 19. Nxe5 Qxe5 20. f3 a6 21. Na3
Qd4+ 22. Qe3 Qxe3+ 23. Rxe3 Nd6 24. Bxf5 Nxf5 25. Re5 g6 26. g4 Nd4 27. Kf2 Nc6
28. Re2 Rd6 29. Rd1 Rad8 30. Red2 Kg7 31. Nc4 R6d7 32. Nb6 Rd6 33. Rxd5 Rxd5
34. Rxd5 Rxd5 35. Nxd5 Nd4 36. c3 Ne6 37. Ke3 Kf8 38. b4 Ke8 39. Nf4 Nc7 40.
Kd4 Kd7 41. Kc5 b5 42. axb5 Nxb5 43. c4 Nd6 44. Nd5 g5 45. Nf6+ Kc7 46. Ng8 f5
47. Nxh6 fxg4 48. hxg4 Kd7 49. Nf5 Nf7 50. Kd5 Kc7 51. Ke6 Nd8+ 52. Kd5 Nc6 53.
b5 a5 54. bxc6 a4 55. Nd4 Kb6 56. Kd6 a3 57. Nb3 a2 58. c7 Kb7 59. Kd7 Kb6 60.
c8=Q Ka7 61. Kc6 1-0

[Event "Naantalin turnaus 2011"]
[Site "Naantali"]
[Date "2011.07.04"]
[Round "1"]
[White "Ailasmaa, Kimmo"]
[Black "Linqvist, Grels"]
[Result "0-1"]
[WhiteElo "1638"]
[BlackElo "2026"]
[PlyCount "129"]
[EventDate "2011.07.04"]
[SourceDate "2011.07.04"]

1. e4 e6 2. d4 d5 3. Nd2 Nf6 4. e5 Nfd7 5. Bd3 c5 6. c3 Nc6 7. Ne2 cxd4 8. cxd4
f6 9. exf6 Nxf6 10. Nf3 Bd6 11. O-O O-O 12. Bf4 Bxf4 13. Nxf4 Ne4 14. g3 g5 15.
Nh5 g4 16. Ne5 Nxe5 17. dxe5 Qg5 18. Nf4 Qxe5 19. Qxg4+ Qg5 20. Qxg5+ Nxg5 21.
Ne2 Nf3+ 22. Kg2 e5 23. Ng1 Nxg1 24. Kxg1 Bh3 25. Rfe1 e4 26. Bf1 Bxf1 27. Kxf1
Rac8 28. Rac1 Kf7 29. Rc3 Rc6 30. Rec1 Rfc8 31. Rxc6 bxc6 32. Ke2 Ke6 33. f3
exf3+ 34. Kxf3 Kd6 35. Ke3 c5 36. b4 Re8+ 37. Kd3 cxb4 38. Rf1 Re7 39. Rf4 Kc5
40. Rf2 a5 41. Rc2+ Kd6 42. Rc8 Ra7 43. Rd8+ Kc5 44. Rc8+ Kb5 45. Rd8 Ka4 46.
Kc2 Rf7 47. Rxd5 Rf2+ 48. Kb1 Rxh2 49. Rd3 Rh5 50. Re3 Kb5 51. a3 Rh2 52. axb4
axb4 53. Re7 h5 54. Rh7 Ka4 55. g4 h4 56. g5 Kb3 57. Kc1 Rh1+ 58. Kd2 Kb2 59.
g6 b3 60. g7 Rg1 61. Rxh4 Rxg7 62. Kd3 Rc7 63. Rh1 Ka2 64. Rh2+ b2 65. Rh5 0-1